| 000 | 00661 a2200277 4500 | ||
|---|---|---|---|
| 260 | _aParis | ||
| 630 | _a82 - Litterature | ||
| 037 | _b1, Achat | ||
| 650 | _a8 - LITTERATURE | ||
| 100 | _aGuerreschi, J. | ||
| 440 | _n24 | ||
| 260 | _bMaison des Sciences de l'Homme | ||
| 245 | _aActing therapy et fin du théâtre : reflexions sur le trajet grotowskien | ||
| 300 | _a159 p. | ||
| 650 | _aMetteur en scène : théâtre | ||
| 650 | _aArt dramatique | ||
| 260 | _c1978 | ||
| 300 | _b24 cm | ||
| 100 | _lFr. | ||
| 440 | _aCert-Circe | ||
| 037 | _aL 11665 | ||
| 440 | _x0398-9631 | ||
| 020 | _a2-85892-017-6 | ||
| 999 |
_c40586 _d40586 |
||